Normal view
MARC view
- DIGITAL COMMUNICATIONS:FUNDAMENTALS AND APPLICATIONS
Entry Topical Term
001 - CONTROL NUMBER
- control field: 91830
003 - CONTROL NUMBER IDENTIFIER
- control field: NUST
005 - DATE AND TIME OF LATEST TRANSACTION
- control field: 20220524181432.0
008 - FIXED-LENGTH DATA ELEMENTS
- fixed length control field: 220524|| aca||aabn | a|a d
040 ## - CATALOGING SOURCE
- Original cataloging agency: NUST
- Transcribing agency: NUST
150 ## - HEADING--TOPICAL TERM
- Topical term or geographic name entry element: DIGITAL COMMUNICATIONS:FUNDAMENTALS AND APPLICATIONS
670 ## - SOURCE DATA FOUND
- Source citation: Work cat.: (NUST): Sklar, Bernard, Digital Communications:, 2015.
